000
00221nam a2200097Ia 4500
001
689245
005
20250826161630.0
008
250824s9999 xx 000 0 und d
245
0
_a
İNTİBAH
_c
NAMIK KEMAL
260
_b
ANONİM
999
_c
689245
_d
689245